Reverse City Matching: Florida Quiz Stats

 Plays Quiz not verified by Sporcle

Score 0/25 Timer 04:00
0 Plays Today
% Correct
Lauderdale
96.7%
Raton
94%
Augustine
93.3%
Canaveral
92%
West
91.3%
Myers
90.7%
Gables
88%
Gorda
85.3%
Pines
82.7%
Biscayne
77.3%
Coast
69.3%
Oak
66.7%
Breeze
65.3%
% Correct
Key
60%
Island
58%
Harbor
57.3%
Lakes
56.7%
Glade
55.3%
Wales
53.3%
Dora
52.7%
Manors
48%
Ranches
47.3%
Haven
45.3%
Terrace
44.7%
Lake
40.7%

You're not logged in!

Compare scores with friends on all Sporcle quizzes.
OR
Log In

You Might Also Like...

Show Comments

Extras

Top Quizzes Today


Score Distribution

Your Account Isn't Verified!

In order to create a playlist on Sporcle, you need to verify the email address you used during registration. Go to your Sporcle Settings to finish the process.

Report this User

Report this user for behavior that violates our Community Guidelines.

Details: